[Event "Rudenko mem"]
[Site "St Petersburg RUS"]
[Date "2005.08.20"]
[Round "1"]
[White "Shumiakina,T"]
[Black "Sorokina,A RUS"]
[Result "1-0"]
[WhiteElo "2328"]
[BlackElo "2084"]

1.d4 Nf6 2.Nf3 g6 3.c4 Bg7 4.g3 O-O 5.Bg2 d6 6.O-O Nbd7 7.Nc3 c6 8.e4 e5
9.Be3 Ng4 10.Bg5 f6 11.Bc1 f5 12.exf5 gxf5 13.Bg5 Ngf6 14.Re1 h6 15.Bc1 e4
16.Nh4 Nb6 17.b3 Be6 18.Bh3 Qd7 19.a4 a5 20.Bf4 Nh7 21.Qd2 h5 22.Rad1 d5
23.c5 Nc8 24.Bh6 Ne7 25.Ne2 Rf7 26.Bxg7 Rxg7 27.Nf4 Bf7 28.Qe2 Ng5 29.Bg2 Qe8
30.Qe3 Qd8 31.Rb1 Kh7 32.Kh1 Qd7 33.Bf1 Ng8 34.Be2 Nf6 35.h3 Rh8 36.Kh2 Rhg8
37.Qd2 Ra8 38.b4 axb4 39.Rxb4 Be8 40.Reb1 Qc8 41.R1b3 Kg8 42.Nfg2 Nfh7 43.Qf4 Qb8
44.Nxf5 Rd7 45.Qxb8 Rxb8 46.Nf4 Kf8 47.h4 Nf7 48.Bxh5  1-0

[Event "Rudenko mem"]
[Site "St Petersburg RUS"]
[Date "2005.08.22"]
[Round "3"]
[White "Sirotkina,N"]
[Black "Komiagina,M"]
[Result "1/2-1/2"]
[WhiteElo "2243"]
[BlackElo "2324"]

1.d4 Nf6 2.c4 g6 3.Nf3 Bg7 4.g3 d6 5.Bg2 O-O 6.O-O Nc6 7.d5 Na5 8.Nfd2 Nd7
9.Qc2 c6 10.Nc3 cxd5 11.cxd5 Qc7 12.Nde4 a6 13.Bg5 Ne5 14.Rac1 b5 15.b3 h6
16.Be3 f5 17.Nd2 Bd7 18.Ncb1 Qxc2 19.Rxc2 Rfc8 20.Rfc1 Rxc2 21.Rxc2 Rc8 22.Rxc8+ Bxc8
23.Nf3 Nxf3+ 24.Bxf3 Nb7 25.b4 Nd8 26.Bg2 Nf7 27.f4 e5 28.dxe6 Bxe6 29.a3 Ba2
30.Nd2 d5 31.Bc5 Bb2 32.Nf1 Bxa3 33.Ne3 a5 34.Bxd5 Bxd5 35.Nxd5 a4 36.Nc7 Bb2
37.Nxb5 a3 38.Bd4 Nd6 39.Bxb2 axb2 40.Nc3 Kf7 41.Kf1 Ne4 42.Nb1 Ke6 43.Ke1 Kd5
44.Kd1 Kc4 45.Kc2 Kxb4 46.Kxb2 Kc4 47.Kc2 Kd4 48.Nd2 Nf2 49.Nf1 g5 50.fxg5 hxg5
51.Kd2 Ke4 52.Ke1 Nh3 53.Nd2+ Ke3 54.Nf3 g4 55.Nh4 Ke4 56.Ng2 Ng5 57.Nf4 Ke3
58.Kf1 Ne4 59.Nd5+ Kd4 60.Ne7 Nd6 61.Kf2 Ke4 62.Ng6 Kd4 63.Nf4 Ke4 64.h4 gxh3
65.Nxh3 Nf7 66.Nf4  1/2-1/2

[Event "2nd Dato' Arthur Tan Malaysian Open"]
[Site "Kuala Lumpur MAS"]
[Date "2005.08.24"]
[Round "9"]
[White "Chong Chor Yuen"]
[Black "Prayitno,S"]
[Result "0-1"]
[WhiteElo "2127"]
[BlackElo "2333"]

1.d4 Nf6 2.c4 g6 3.Nf3 Bg7 4.g3 O-O 5.Bg2 d6 6.Nc3 Nc6 7.O-O e5 8.d5 Ne7
9.e4 Nd7 10.h3 h6 11.Be3 f5 12.Qd2 g5 13.Bxg5 hxg5 14.Qxg5 Nf6 15.Nh4 f4
16.Rae1 Bd7 17.gxf4 Nh7 18.Qh5 Rxf4 19.Ne2 Be8 20.Nxf4 Bxh5 21.Nxh5 Qe8 22.Nxg7 Kxg7
23.f4 Qh5 24.Nf5+ Nxf5 25.exf5 Rd8 26.Bf3 Qxh3 27.Re2 Kf6 28.Rh2 Rg8+ 29.Bg2 Rxg2+
30.Rxg2 Qe3+ 31.Kh2 exf4 32.Rfg1 f3  0-1

[Event "13th Open"]
[Site "Nikaia GRE"]
[Date "2005.08.24"]
[Round "3"]
[White "Mastrokoukos,G"]
[Black "Papahristoudis,A"]
[Result "1-0"]
[WhiteElo "2345"]
[BlackElo "2101"]

1.d4 Nf6 2.Nf3 g6 3.c4 Bg7 4.g3 O-O 5.Bg2 d6 6.O-O Nbd7 7.Qc2 e5 8.dxe5 dxe5
9.e4 c6 10.Rd1 Re8 11.h3 Qa5 12.Be3 Nf8 13.c5 Qc7 14.Na3 Be6 15.Ng5 h6 16.Nxe6 Nxe6
17.Nc4 Bf8 18.b4 Rad8 19.Qb2 Rxd1+ 20.Rxd1 Ng5 21.Qc2 Nd7 22.Bxg5 hxg5 23.Qd2 b5
24.Nb2 Nf6 25.Qxg5 Be7 26.Qc1 a5 27.a3 axb4 28.axb4 Ra8 29.Qc3 Nd7 30.h4 Nf8
31.Bh3 Rd8 32.Rxd8 Qxd8 33.Nd3 f6 34.Nc1 Qd1+ 35.Kg2 Kg7 36.Nb3 Qe2 37.Nd2 Kf7
38.Kg1 Qe1+ 39.Kg2 Qe2 40.Qc2 Ke8 41.Qa2 Qd3 42.Bc8 Qd8 43.Bb7 Qd7 44.Qa8+ Kf7
45.Bxc6 Qxd2 46.Qe8+  1-0

[Event "Iranian Super League"]
[Site "Iran IRI"]
[Date "2005.08.26"]
[Round "9"]
[White "Mahjoob,M"]
[Black "Madani,K"]
[Result "1-0"]
[WhiteElo "2442"]
[BlackElo "2288"]

1.Nf3 Nf6 2.c4 g6 3.g3 Bg7 4.Bg2 d6 5.d4 O-O 6.O-O c6 7.h3 Nbd7 8.Nc3 e5
9.e4 exd4 10.Nxd4 Ne5 11.b3 a6 12.Be3 Re8 13.f4 Ned7 14.Bf2 Rb8 15.g4 h6
16.a4 a5 17.Ra2 Qe7 18.Re1 Nh7 19.Rd2 Nc5 20.Nde2 Bf8 21.Qc2 Qc7 22.Red1 b6
23.Bg3 Nd7 24.Kh1 Nhf6 25.Ng1 h5 26.g5 Nh7 27.h4 Nc5 28.f5 gxf5 29.exf5 Re3
30.Bf4 Bxf5 31.Qxf5 Rxc3 32.Bxd6 Bxd6 33.Rxd6 Nf8 34.Ne2 Re3 35.Nf4 Qe7 36.Nxh5 Re1+
37.Kh2 Qe5+ 38.Qxe5 Rxe5 39.Bxc6 Nxb3 40.Bd5 Nc5 41.Rf6 Nce6 42.Rdf1 Re2+
43.Kg1 Ng6 44.R6f2 Nxh4 45.Rxe2  1-0

[Event "41st Rubinstein Mem Open A"]
[Site "Polanica Zdroj POL"]
[Date "2005.08.26"]
[Round "8"]
[White "Grycel,K"]
[Black "Bindrich,O"]
[Result "1/2-1/2"]
[WhiteElo "2282"]
[BlackElo "2148"]

1.d4 Nf6 2.c4 g6 3.Nf3 Bg7 4.g3 O-O 5.Bg2 d6 6.O-O Nc6 7.Nc3 a6 8.Bd2 Rb8
9.Rc1 Bg4 10.d5 Bxf3 11.exf3 Ne5 12.Qe2 c5 13.dxc6 bxc6 14.b3 Ned7 15.f4 Rc8
16.Na4 Nb8 17.c5 Nd5 18.Rfd1 Re8 19.Bh3 e6 20.cxd6 Qxd6 21.Nc5 Qc7 22.Bf1 Red8
23.Qe1 Re8 24.Nxa6 Nxa6 25.Bxa6 Ra8 26.Bb5 Ne7 27.a4 Qb7 28.Bc4 Nf5 29.Bc3 Bxc3
30.Qxc3 c5 31.Bf1 Nd4 32.Bg2 Qxb3 33.Qxb3 Nxb3 34.Bxa8 Nxc1 35.Bc6 Rc8 36.Bb7 Rb8
37.Rxc1 Rxb7 38.Rxc5 Rb1+ 39.Kg2 Ra1 40.Ra5 Ra3 41.g4 h6 42.f3 Kg7 43.Kg3 Kg8
44.f5 e5 45.Rxe5 Rxa4 46.fxg6 fxg6 47.Re7 Rb4 48.h4 Ra4 49.Re4 Ra3 50.Kf4 Kf7
51.Rb4 Ra5 52.Rb7+ Kf6 53.Rb6+ Kf7 54.Rd6 Rb5 55.Rd4 Ra5 56.Ke4 Ke6 57.f4 Ra6
58.Rb4 Rc6 59.Kd4 Ra6 60.Kc5 Ra5+ 61.Kd4 Ra6 62.Ke4 Rc6 63.h5 gxh5 64.gxh5 Kf7
65.Rb7+ Kg8 66.Kf5 Ra6 67.Re7 Ra5+ 68.Re5 Ra4 69.Re6 Kg7 70.Re7+ Kg8 71.Rd7 Ra6
72.Ke5 Ra5+ 73.Rd5 Ra7 74.Ke6 Kg7 75.Kf5 Rb7 76.Ke6 Rb4 77.Kf5 Ra4 78.Kg4 Rb4
79.Rd7+ Kg8 80.Re7 Rb5 81.Re5 Rb6 82.Kf5 Kf7 83.Rd5 Rb7 84.Ke5 Re7+ 85.Kf5 Rb7
86.Rd6 Rb5+ 87.Kg4 Kg8 88.Rd4 Rb7 89.f5 Ra7 90.Kf4 Kf7 91.Rd6 Ra4+ 92.Ke5 Ra5+
93.Rd5 Ra7 94.f6 Rb7 95.Kf5 Ra7 96.Re5 Rb7 97.Re7+ Rxe7 98.fxe7 Kxe7 99.Kg6 Ke6
100.Kxh6 Kf6 101.Kh7 Kf7 102.h6 Kf8 103.Kg6 Kg8 104.h7+ Kh8 105.Kh6  1/2-1/2

[Event "13th Open"]
[Site "Nikaia GRE"]
[Date "2005.08.28"]
[Round "7"]
[White "Papadopoulos,N"]
[Black "Goritsas,C"]
[Result "0-1"]
[WhiteElo "2055"]
[BlackElo "2260"]

1.d4 Nf6 2.Nf3 g6 3.c4 Bg7 4.g3 O-O 5.Bg2 d6 6.O-O Nbd7 7.Nc3 e5 8.h3 exd4
9.Nxd4 Re8 10.e4 a6 11.Be3 Rb8 12.Rc1 Ne5 13.b3 c5 14.Nde2 b5 15.f4 Ned7
16.Qxd6 b4 17.e5 bxc3 18.Rxc3 Nh5 19.g4 Bf8 20.Qd2 Ng7 21.Rd3 Qc7 22.Rd1 Nb6
23.Nc3 Bb7 24.Nd5 Nxd5 25.cxd5 Rec8 26.Rc1 h5 27.Be4 Qd7 28.Qg2 Qe8 29.Qg3 hxg4
30.hxg4 Ne6 31.Rc2 Nd4 32.Rh2 Bg7 33.Qh3 Rd8 34.Bxd4 cxd4 35.Rxd4 Rbc8 36.Qh7+ Kf8
37.Rc4 Rxc4 38.bxc4 Qa4 39.Rd2 Qxc4  0-1

[Event "BDO Masters"]
[Site "Haarlem NED"]
[Date "2005.09.02"]
[Round "7"]
[White "Nikolic,N BIH"]
[Black "Afek,Y"]
[Result "1-0"]
[WhiteElo "2380"]
[BlackElo "2389"]

1.d4 Nf6 2.Nf3 g6 3.g3 Bg7 4.c4 O-O 5.Bg2 d6 6.O-O Nc6 7.d5 Na5 8.Nfd2 c5
9.a3 Ne8 10.Ra2 b6 11.b4 Nb7 12.Bb2 Bxb2 13.Rxb2 cxb4 14.axb4 a5 15.Na3 Bd7
16.Qb1 axb4 17.Nc2 Nc5 18.Rxb4 Na4 19.Nd4 Nc7 20.Qc2 Ra5 21.Nc6 Bxc6 22.dxc6 Qa8
23.Rfb1 Ra6 24.Ne4 Rc8 25.h4 d5 26.cxd5 Nxd5 27.Rd4 e6 28.Qd2 Rxc6 29.Nf6+ Kg7
30.Nxd5 exd5 31.Bxd5 Nc3 32.Bxc6 Nxb1 33.Qd3 Qxc6 34.Qxa6 Qc1+ 35.Kh2 Nc3
36.Rf4 Nd5 37.Qc4 Qxc4 38.Rxc4 Kf6 39.e4 Ne7 40.f4 Ke6 41.Rc7 f5 42.e5 h6
43.Kg2 g5 44.Rxe7+ Kxe7 45.fxg5 hxg5 46.h5  1-0

[Event "Paul Keres Mem B"]
[Site "Tallinn EST"]
[Date "2005.09.04"]
[Round "9"]
[White "Akesson,J"]
[Black "Savickas,A"]
[Result "1/2-1/2"]
[WhiteElo "2345"]
[BlackElo "2281"]

1.d4 Nf6 2.Nf3 g6 3.c4 Bg7 4.g3 O-O 5.Bg2 d6 6.O-O Nc6 7.Nc3 Bf5 8.Re1 Ne4
9.Nd5 Bd7 10.Be3 f5 11.Nd2 Nxd2 12.Qxd2 e6 13.Nb4 e5 14.dxe5 Bxe5 15.Bg5 Bf6
16.Bh6 Bg7 17.Bxg7 Kxg7 18.Nd5 Ne5 19.Qc3 Kg8 20.c5 Bc6 21.Rad1 Rf7 22.Rd2 Nd7
23.cxd6 cxd6 24.Red1 Ne5 25.Qb4 Rd7 26.Qd4 Bxd5 27.Bxd5+ Nf7 28.Be6 Re7 29.Qc4 Qc7
30.Qxc7 Rxc7 31.Rxd6 Re8 32.Rd8 Rxd8 33.Rxd8+ Kg7 34.Rd7 Rxd7 35.Bxd7 Kf6
36.Bb5 g5 37.Kg2 Ke5 38.Kf3 Nd6 39.Bd3 h6 40.e3 g4+ 41.Ke2 Nf7 42.f4+ gxf3+
43.Kxf3 Ng5+ 44.Kg2 Ne6 45.h3 b6 46.Bc2 b5 47.h4 Nc7 48.Kf3 Nd5 49.a3 Nf6
50.Bd3 a6 51.a4 bxa4 52.Bxa6 Nd7 53.Bb5 Nc5 54.g4 Kf6 55.Kg3 Ke5 56.g5 Ne4+
57.Kg2 hxg5 58.hxg5 Nxg5 59.Bxa4 f4 60.Kf2 Ne4+ 61.Ke2 fxe3 62.Kxe3 Nd6 63.Kd3 Kd5
64.b4 Nc8 65.Bd7 Nb6 66.Be8 Kd6 67.Bf7 Nd5 68.Bxd5 Kxd5 69.Kc3 Kc6 70.Kb3 Kb5
71.Ka3 Kb6 72.Ka4 Ka6  1/2-1/2

[Event "58th ch-RUS Semi-Final"]
[Site "Kazan RUS"]
[Date "2005.09.05"]
[Round "3"]
[White "Bocharov,D"]
[Black "Loginov,Va"]
[Result "1-0"]
[WhiteElo "2574"]
[BlackElo "2527"]

1.d4 Nf6 2.c4 g6 3.Nf3 Bg7 4.g3 O-O 5.Bg2 d6 6.O-O c6 7.Nc3 Bf5 8.Re1 Ne4
9.Qb3 Nxc3 10.bxc3 Bc8 11.e4 Nd7 12.a4 e5 13.Bg5 Qc7 14.Rad1 Re8 15.h4 h6
16.Bc1 c5 17.Qa2 Nf6 18.dxe5 dxe5 19.Nh2 Bd7 20.a5 Re6 21.f4 Ra6 22.fxe5 Ng4
23.Bf4 Nxe5 24.Nf1 Bg4 25.Ra1 Be6 26.Ne3 g5 27.hxg5 hxg5 28.Bxg5 Nd3 29.Red1 Qxg3
30.Rxd3 Qxg5 31.Rf1 Rd8 32.Nd5 Bxd5 33.cxd5 Rh6 34.Rf5 Qc1+ 35.Rf1 Qg5 36.Qf2 Be5
37.Qxf7+ Kh8 38.Qf5 Qg7 39.Rh3 Bxc3 40.Rff3 Bd4+ 41.Kh1 Rd6 42.e5 Bxe5 43.Qc8+ Kh7
44.Rb3 Rxh3+ 45.Rxh3+ Kg6 46.Qe8+ Kg5 47.Rh5+ Kf4 48.Qa4+ Bd4 49.Qc2 Qe7
50.Rf5+ Kg3 51.Qd3+  1-0

[Event "TCh-POL Ekstraliga"]
[Site "Lubniewice POL"]
[Date "2005.09.09"]
[Round "7"]
[White "Miton,K"]
[Black "Rutkowski,M"]
[Result "1-0"]
[WhiteElo "2589"]
[BlackElo "2358"]

1.d4 Nf6 2.Nf3 g6 3.c4 Bg7 4.g3 d6 5.Bg2 O-O 6.O-O Nbd7 7.Nc3 e5 8.h3 c6
9.e4 Qb6 10.c5 dxc5 11.dxe5 Ne8 12.Na4 Qb5 13.Bg5 Nc7 14.Be7 Re8 15.Bd6 Ne6
16.b3 Nd4 17.Nxd4 cxd4 18.f4 c5 19.Nb2 a5 20.a4 Qc6 21.Rc1 b6 22.Qxd4 Ba6
23.Rfd1 f6 24.exf6 Bxf6 25.Qd2 Rxe4 26.Nc4 Bd4+ 27.Kh2 Bb7 28.Be5 Nxe5 29.fxe5 Rf8
30.Nd6 Rf2 31.Qxf2 Bxf2 32.Bxe4 Qc7 33.Bxb7 Qe7 34.Rc2 Bd4 35.Rxd4 cxd4 36.Rc8+ Kg7
37.Rc7  1-0

[Event "IX Taca BCX"]
[Site "Brasiliat BRA"]
[Date "2005.09.11"]
[Round "11"]
[White "Matsuura,E"]
[Black "Marra,E"]
[Result "1/2-1/2"]
[WhiteElo "2453"]
[BlackElo "2262"]

1.Nf3 g6 2.d4 Bg7 3.c4 Nf6 4.g3 O-O 5.Bg2 d6 6.O-O c6 7.Nc3 Qa5 8.Qd2 Nbd7
9.e4 e5 10.d5 c5 11.a3 a6 12.Rb1 b5 13.b4 cxb4 14.axb4 Qd8 15.cxb5 axb5 16.Re1 Ba6  1/2-1/2

[Event "TCh-POL Ekstraliga"]
[Site "Lubniewice POL"]
[Date "2005.09.11"]
[Round "9"]
[White "Worek,J"]
[Black "Radziewicz,I"]
[Result "0-1"]
[WhiteElo "2263"]
[BlackElo "2447"]

1.d4 g6 2.c4 Bg7 3.Nf3 d6 4.g3 Nf6 5.Bg2 O-O 6.Nc3 Nc6 7.O-O a6 8.a3 Bd7
9.Qc2 e5 10.dxe5 dxe5 11.Rd1 Qc8 12.Nd5 Nxd5 13.cxd5 Nd4 14.Nxd4 exd4 15.Bf4 Bg4
16.f3 Bf5 17.Qxc7 Rd8 18.Rac1 h5 19.Qb6 Qd7 20.Rxd4 Qb5 21.Qxb5 Bxd4+ 22.e3 axb5
23.exd4 Rac8 24.Rc3 Rxc3 25.bxc3 f6 26.g4 Bd3 27.g5 fxg5 28.Be5 Rxd5 29.f4 Rd7
30.fxg5 Bc4 31.Kf2 Bd5 32.Bf1 Rf7+ 33.Ke1 Bc4 34.Bg2 h4 35.Bf6 Rd7 36.Kd2 Kf7
37.Be5 Bd5 38.Bf1 Bc4 39.Bg2 Re7 40.Ke3 b6 41.Bh3 Bd5 42.Bf1 Ra7 43.Bxb5 Rxa3
44.Kd3 Rb3 45.Bc4 Bxc4+ 46.Kxc4 Rb2 47.Kd5 b5 48.Kc5 Ke6 49.Bc7 Kd7 50.Be5 Rc2
51.d5 Rg2 52.Bf4 Rf2 53.Be5 Rf5 54.Bf6 h3 55.Kxb5 Rxd5+ 56.Kb4 Ke6 57.Bd4 Rxg5
58.Bb6 Kd5 59.Kb5 Kd6+ 60.Kc4 Rg2 61.Ba7 Kc7 62.Bd4 g5 63.Kd3 g4 64.Ke3 g3  0-1

[Event "ch-IRI"]
[Site "Tehran IRI"]
[Date "2005.09.13"]
[Round "3"]
[White "Mahjoob,M"]
[Black "Toufighi,H"]
[Result "1-0"]
[WhiteElo "2442"]
[BlackElo "2170"]

1.Nf3 Nf6 2.c4 g6 3.d4 Bg7 4.g3 O-O 5.Bg2 d6 6.O-O a6 7.Nc3 Nc6 8.d5 Na5
9.Nd2 c5 10.Qc2 Rb8 11.Rb1 b5 12.b3 bxc4 13.bxc4 Rxb1 14.Ncxb1 Bd7 15.h3 Qc7
16.Nc3 Rb8 17.Ba3 h5 18.Nd1 Bh6 19.f4 Qc8 20.Qc3 Nb7 21.Kh2 Bg7 22.Qd3 Qc7
23.e4 Be8 24.Nf3 Nd7 25.Rf2 Na5 26.Ne3 Qb6 27.Rf1 Qc7 28.g4 hxg4 29.hxg4 Nb6
30.g5 Nbxc4 31.Nxc4 Nxc4 32.Qxc4 Bb5 33.Qc1 Bxf1 34.Bxf1 Qa5 35.e5 Qa4 36.Bc4 Rb1
37.Qxb1 Qxc4 38.Kg3 dxe5 39.fxe5 Qxd5 40.Qb8+ Kh7 41.Qc7 Qxa2 42.Bxc5 Bf8
43.Bxe7 Bxe7 44.Qxe7 a5 45.Nd4 Qd5 46.e6 Qxd4 47.Qxf7+ Qg7 48.Qd7 a4 49.Kg4 a3
50.e7 a2 51.e8=Q a1=Q 52.Qxg6+  1-0

[Event "EYb14"]
[Site "Herceg Novi SCG"]
[Date "2005.09.14"]
[Round "1"]
[White "Demidov,M"]
[Black "Novovic,V"]
[Result "1-0"]
[WhiteElo "2204"]
[BlackElo "1824"]

1.d4 g6 2.c4 Nf6 3.Nf3 Bg7 4.g3 O-O 5.Bg2 d6 6.O-O Nbd7 7.Nc3 e5 8.d5 Nh5
9.e4 f5 10.exf5 gxf5 11.Ng5 Ndf6 12.Bf3 Qe8 13.Nb5 Qg6 14.Nxc7 Rb8 15.Nce6 Re8
16.Qc2 h6 17.Nxg7 Kxg7 18.Nh3 b6 19.b3 Rg8 20.Bb2 Kf7 21.Rae1 Qg7 22.Kh1 f4
23.Nxf4 exf4 24.Bxh5+  1-0

[Event "EYg16"]
[Site "Herceg Novi SCG"]
[Date "2005.09.15"]
[Round "2"]
[White "Ignacz,M"]
[Black "Rakic,Ma"]
[Result "1-0"]
[WhiteElo "2265"]
[BlackElo "2057"]

1.d4 Nf6 2.c4 g6 3.Nf3 Bg7 4.g3 O-O 5.Bg2 d6 6.O-O Nbd7 7.Nc3 c6 8.h3 Qc7
9.e4 e5 10.Re1 Rd8 11.Be3 Nf8 12.Qc2 a6 13.Rad1 Be6 14.b3 b5 15.Ne2 bxc4
16.bxc4 c5 17.d5 Bd7 18.Nd2 Ne8 19.f4 exf4 20.gxf4 Rab8 21.Nc3 f5 22.e5 dxe5
23.d6 Qxd6 24.Nb3 Qf6 25.Nd5 Qf7 26.fxe5 Bxe5 27.Bxc5 Qg7 28.Ne7+ Kf7 29.Qe2  1-0

[Event "ch-Arab"]
[Site "Dubai UAE"]
[Date "2005.09.16"]
[Round "5"]
[White "Hassan,Ab"]
[Black "Hakki,I"]
[Result "0-1"]
[WhiteElo "2341"]
[BlackElo "2471"]

1.d4 Nf6 2.Nf3 g6 3.c4 Bg7 4.g3 O-O 5.Bg2 d6 6.O-O Nc6 7.Nc3 Bf5 8.d5 Na5
9.Nd4 Bd7 10.Qd3 c5 11.Nc2 a6 12.b3 Rb8 13.Rb1 b5 14.Bd2 e6 15.dxe6 Bxe6
16.Ne3 bxc4 17.bxc4 Rxb1 18.Rxb1 Nd7 19.Ncd5 Ne5 20.Qc2 Nac6 21.f4 Nd4 22.Qa4 Ng4
23.Nxg4 Nxe2+ 24.Kf1 Bxg4 25.Ba5 Qe8 26.Qxe8 Rxe8 27.Re1 Kf8 28.Bc7 Re6 29.h3 Bd4
30.Bxd6+ Kg8 31.f5 Bxf5 32.Ne7+ Rxe7 33.Rxe2 Re6 34.Rxe6 Bxe6 35.Bd5 Bxh3+
36.Ke2 Be6 37.Kd3 Bxd5 38.cxd5 f5 39.Kc4 Kf7 40.Bxc5 Bxc5 41.Kxc5 Ke7 42.Kc6 Kd8
43.Kd6 f4 44.gxf4 h5 45.Ke5 Kd7 46.f5 gxf5 47.Kxf5 Kd6 48.Kg5 Kxd5 49.Kxh5 Kc4
50.Kg4 Kb4 51.Kf4 Ka3 52.Ke3 Kxa2  0-1

[Event "EYb14"]
[Site "Herceg Novi SCG"]
[Date "2005.09.16"]
[Round "3"]
[White "Baryshpolets,A"]
[Black "Ivekovic,Z"]
[Result "1-0"]
[WhiteElo "2196"]
[BlackElo "2049"]

1.d4 Nf6 2.Nf3 g6 3.c4 Bg7 4.g3 O-O 5.Bg2 d6 6.O-O c6 7.Nc3 Nbd7 8.e4 e5
9.h3 Qa5 10.Be3 exd4 11.Nxd4 Ne5 12.Nb3 Qc7 13.Nd2 Be6 14.Qe2 Ned7 15.f4 Qa5
16.Qd3 Nc5 17.Qc2 Nh5 18.g4 Nf6 19.a3 Qc7 20.e5 Nfd7 21.exd6 Qxd6 22.f5 Bd4
23.Rae1 Bxe3+ 24.Rxe3 Qd4 25.Nd1 Bxf5 26.gxf5 Rae8 27.Nf3 Qf4 28.Ne5 Qd4
29.Nf3 Qf4 30.Rxe8 Rxe8 31.fxg6 hxg6 32.Nf2 Re3 33.Ng4 Re6 34.Qc1 Qxc1 35.Rxc1 Re2
36.b4 Nd3 37.Rd1 N7e5 38.Ngxe5 Nxe5 39.Nxe5 Rxe5 40.Rd7 Re1+ 41.Kf2 Rc1 42.Rxb7 Rxc4
43.Rxa7 Kf8 44.Rc7 Rc2+ 45.Kg3 Rc3+ 46.Kg4 Rxa3 47.Bxc6 Rb3 48.b5 Kg7 49.Rxf7+ Kh6
50.Be8 Re3 51.Bd7 Rb3 52.Kf4 g5+ 53.Ke5 Kg6 54.Re7  1-0

[Event "Geller mem Open A"]
[Site "Odessa UKR"]
[Date "2005.09.17"]
[Round "3"]
[White "Drozdovskij,Y"]
[Black "Kozel,R"]
[Result "1/2-1/2"]
[WhiteElo "2517"]
[BlackElo "2378"]

1.d4 Nf6 2.c4 d6 3.Nf3 g6 4.g3 Bg7 5.Bg2 O-O 6.Nc3 Nc6 7.O-O Bf5 8.b3 e5
9.d5 Nd4 10.Ne1 Bd7 11.e3 Nf5 12.Nc2 h5 13.e4 Nd4 14.Bg5 Qe8 15.Rc1 Nh7 16.Be3 Nxc2
17.Qxc2 f5 18.exf5 gxf5 19.f4 h4 20.fxe5 dxe5 21.Bc5 hxg3 22.Bxf8 Qh5 23.Bf3 Qxh2+
24.Qxh2 gxh2+ 25.Kxh2 Rxf8 26.Bg2 e4 27.Nxe4 fxe4 28.Rxf8+ Kxf8 29.Bxe4 Ng5
30.Rf1+ Ke7 31.Bf5 Bxf5 32.Rxf5 Ne4 33.Kg2 b6 34.Kf3 Nc3 35.Rg5 Bf6 36.Rg2 Bd4
37.Rd2 Bf6 38.Rg2 b5 39.Ke3 b4 40.Kd3 a5 41.Rg8 a4 42.bxa4 Nxa4 43.Kc2 Nc5  1/2-1/2

[Event "It"]
[Site "Klaksvik FAI"]
[Date "2005.09.18"]
[Round "4"]
[White "Simonsen,H"]
[Black "Ziska,H"]
[Result "1/2-1/2"]
[WhiteElo "2305"]
[BlackElo "2177"]

1.d4 Nf6 2.c4 g6 3.g3 Bg7 4.Bg2 O-O 5.Nf3 d6 6.O-O Nbd7 7.Qc2 e5 8.Rd1 Qe7
9.Nc3 c6 10.e4 a6 11.b3 b5 12.Ba3 exd4 13.Nxd4 Bb7 14.Nde2 c5 15.Bb2 b4 16.Nd5 Nxd5
17.Bxg7 Kxg7 18.exd5 Rae8 19.Qb2+ Kg8 20.Nf4 Ne5 21.Nd3 Bc8  1/2-1/2

[Event "ch-Arab"]
[Site "Dubai UAE"]
[Date "2005.09.19"]
[Round "8"]
[White "Hussein,NA"]
[Black "Khader,S"]
[Result "0-1"]
[WhiteElo "2339"]
[BlackElo "2396"]

1.Nf3 Nf6 2.c4 g6 3.d4 Bg7 4.g3 O-O 5.Bg2 d6 6.O-O Nbd7 7.Nc3 e5 8.b3 Re8
9.Qc2 c6 10.Rd1 a6 11.dxe5 dxe5 12.Ng5 e4 13.Rb1 e3 14.f4 Qe7 15.Nge4 Nxe4
16.Nxe4 Nc5 17.Nd6 Rd8 18.Nxc8 Rxd1+ 19.Qxd1 Rxc8 20.b4 Ne4 21.Bxe4 Qxe4
22.Qd3 Qxd3 23.exd3 Re8 24.Kf1 e2+ 25.Ke1 Bd4 26.Bd2 h5 27.c5 h4 28.Rc1 f5
29.Bc3 Bg1 30.gxh4 Bxh2 31.Kf2 Bxf4 32.Re1 Bc7 33.Rg1 Bd8 34.Rxg6+ Kh7 35.Rg7+ Kh6
36.Rxb7 Bxh4+ 37.Kf3 e1=Q 38.Bxe1 Bxe1 39.Rb6 Kg5 40.Rxc6 f4  0-1

[Event "Karpov Simul"]
[Site "Buenos Aires ARG"]
[Date "2005.09.20"]
[Round "1"]
[White "Karpov,Ana"]
[Black "Della Morte,P"]
[Result "1/2-1/2"]
[WhiteElo "2672"]
[BlackElo "2271"]

1.d4 Nf6 2.c4 g6 3.Nf3 Bg7 4.g3 O-O 5.Bg2 d6 6.O-O Nc6 7.Nc3 a6 8.Re1 Rb8
9.Rb1 Na5 10.Qa4 b6 11.c5 Bd7 12.Qa3 Nc4 13.Qxa6 b5 14.Nh4 dxc5 15.dxc5 c6
16.Bxc6 Qc7 17.Nd5 Nxd5 18.Bxd5 Qxc5 19.Bxc4 Qxc4 20.Bf4 Ra8 21.Qb7 Bc6 22.Qxe7 Rfe8
23.b3 Rxe7 24.bxc4 bxc4 25.Rb6 Be4 26.Rd6 h6 27.Ng2 Rxa2 28.Ne3 c3 29.f3 Bb7
30.Kf2 Ba6 31.h4 Kh7 32.g4 Rb7 33.Nd5 Bd4+ 34.Kg3 Rxe2 35.Rxe2 Bxe2 36.Nf6+ Bxf6
37.Rxf6 Bb5 38.Rd6 c2 39.Rd5 f6 40.Kf2 g5 41.hxg5 hxg5 42.Be3 Ba4 43.Rc5 Rb1
44.Rc4 Bb3 45.Rc3 Kg6 46.Rc7 Rb2 47.Kg3 Bd5 48.Rc5 Bb7 49.Rc7 Ba8 50.Rc8 Ra2
51.Rc7 Kh6 52.Bc1 Bd5 53.Rc5 Bf7 54.Rc7 Kg7 55.Be3 Kg6 56.Bc1 Be6 57.Kf2 Bb3
58.Rc3 Ra1 59.Be3 Rb1 60.Rc7  1/2-1/2

[Event "It"]
[Site "Klaksvik FAI"]
[Date "2005.09.23"]
[Round "9"]
[White "Simonsen,H"]
[Black "Gullaksen,E"]
[Result "1/2-1/2"]
[WhiteElo "2305"]
[BlackElo "2382"]

1.d4 Nf6 2.c4 g6 3.Nf3 Bg7 4.g3 O-O 5.Bg2 d6 6.O-O Nbd7 7.Nc3 e5 8.e4 a6
9.Qc2 exd4 10.Nxd4 Re8 11.Rd1 Rb8 12.Bf4 Nh5 13.Be3 c5 14.Nde2 Qe7 15.Nd5 Qf8
16.a4 Ne5 17.Nb6 Be6 18.h3 Red8 19.g4 Nf6 20.f4 Ned7 21.Nxd7 Bxd7 22.Nc3 Bc6
23.Rd2 Qe7 24.Re1 Ne8 25.Bf2 g5 26.Nd5 Bxd5 27.exd5 Qf6 28.fxg5 Qxg5 29.Be4 Nf6
30.Bf5 Re8 31.Rf1 Ne4 32.Bxe4 Rxe4 33.Qxe4 Qxd2 34.b3 Be5 35.Qf3 b5 36.Bg3 Bxg3
37.Qxf7+  1/2-1/2

[Event "4th Kesarovski - Georgiev Memorial"]
[Site "Sunny Beach BUL"]
[Date "2005.09.23"]
[Round "8"]
[White "Todorov,O"]
[Black "Jordanova,S"]
[Result "1-0"]
[WhiteElo "2335"]
[BlackElo "2179"]

1.d4 Nf6 2.Nf3 g6 3.c4 Bg7 4.g3 O-O 5.Bg2 d6 6.O-O c6 7.Nc3 Nbd7 8.e4 e5
9.b3 exd4 10.Nxd4 Re8 11.h3 a5 12.Re1 Nc5 13.Bf4 Nh5 14.Be3 Nf6 15.Qc2 Qe7
16.Rad1 Be6 17.f4 a4 18.Nxe6 axb3 19.axb3 Nxe6 20.Bf2 Qc7 21.Rd2 Bf8 22.Red1 Qa5
23.Na4 Ra6 24.Nc3 Nc5 25.Bd4 Nfd7 26.Rb1 Ne6 27.Bf2 Qc7 28.Rbd1 Nf6 29.b4 Rea8
30.Rc1 Nd7 31.Qd1 Nf6 32.Kh2 Ra3 33.Nd5 Nxd5 34.cxd5 Nd8 35.dxc6 bxc6 36.b5 Rc8
37.bxc6 Qa5 38.Rd5 Qb4 39.e5 Ra2 40.Be1 Qb6 41.exd6 Rxc6 42.Rxc6 Qxc6 43.d7 h5
44.Rd2 Rxd2 45.Qxd2 Qd6 46.h4 Qxd2 47.Bxd2 Be7 48.Bd5 Kf8 49.f5 gxf5 50.Bh6+ Kg8
51.Kg2 Kh7 52.Bf4 Kg6 53.Kf3 Bc5 54.Bc7 Be7 55.Ke3 Bc5+ 56.Kd3 Be7 57.Kd4 f4
58.Bxf4 Kf5 59.Kc4 Ne6 60.Bb8 Bd8 61.Kb5 Nc7+ 62.Kc6 Nxd5 63.Kxd5 Kg4 64.Ke4 f5+
65.Kd5 Kf3 66.Bf4 Kg4 67.Ke6  1-0

[Event "2nd Highlands Open A"]
[Site "Havlickuv Brod CZE"]
[Date "2005.09.28"]
[Round "5"]
[White "Bernasek,J"]
[Black "Priborsky,I"]
[Result "1-0"]
[WhiteElo "2458"]
[BlackElo "2240"]

1.d4 Nf6 2.c4 g6 3.Nf3 Bg7 4.g3 O-O 5.Bg2 d6 6.Nc3 c6 7.O-O Qa5 8.e4 Qh5
9.h4 Na6 10.a3 Bg4 11.Qd3 e5 12.b4 exd4 13.Nxd4 Nd7 14.Bf4 Ne5 15.Bxe5 dxe5
16.Nb3 Rad8 17.Qc2 Nc7 18.Na4 Bc8 19.Rfd1 Ne6 20.Nac5 Rfe8 21.Nxe6 Bxe6 22.Na5 Bc8
23.Rd3 Bf6 24.Rad1 Qh6 25.c5 Qf8 26.Nc4 Rxd3 27.Rxd3 Rd8 28.Kh2 Rxd3 29.Qxd3 Be6
30.Nd6 Qe7 31.Qf3 Bg7 32.Bh3 Bxh3 33.Kxh3 Bf8 34.Kg2 Qd7 35.Nc4 Bg7 36.Qc3 h5
37.Qd2 Qg4 38.Qd8+ Bf8 39.Nd6 b6 40.Qe8 Qe6 41.Qxc6 bxc5 42.bxc5 Kh7 43.Qd5 Qe7
44.Nxf7 Qxc5 45.Ng5+  1-0

[Event "Open A"]
[Site "Hamburg GER"]
[Date "2005.10.01"]
[Round "1"]
[White "Akesson,J"]
[Black "Kurbangulov,V"]
[Result "1-0"]
[WhiteElo "2334"]
[BlackElo "2033"]

1.d4 Nf6 2.Nf3 g6 3.c4 d6 4.g3 Bg7 5.Bg2 O-O 6.O-O Nbd7 7.Nc3 c5 8.d5 Ne8
9.Qc2 a6 10.Bf4 Ne5 11.Nd2 f5 12.Rab1 a5 13.Nb5 Bd7 14.Na3 h6 15.Nf3 g5 16.Nxe5 dxe5
17.Bd2 Nd6 18.f4 exf4 19.gxf4 g4 20.Bc3 Bf6 21.Bxf6 Rxf6 22.Qc3 Qf8 23.Nc2 Qg7
24.b3 Ne4 25.Qe3 b6 26.Ne1 h5 27.Nd3 Re8 28.Bxe4 fxe4 29.Qxe4 Bf5 30.Qe5 g3
31.Rf3 h4 32.hxg3 Qg6 33.Kf2 Bg4 34.Re3 h3 35.Rh1 Rf7 36.d6 Rh7 37.Rh2 Rh5
38.Qe4 Bf5 39.Qc6 Rc8 40.Qd5+ e6 41.Qb7 Rf8 42.Ne5 Qf6 43.Qe7 Bb1 44.Qxf6 Rxf6
45.d7 Rf8 46.Nc6  1-0

[Event "Open A"]
[Site "Hamburg GER"]
[Date "2005.10.03"]
[Round "3"]
[White "Richter,Ch"]
[Black "Fruebing,S"]
[Result "1/2-1/2"]
[WhiteElo "2435"]
[BlackElo "2233"]

1.d4 Nf6 2.Nf3 g6 3.c4 Bg7 4.g3 O-O 5.Bg2 d6 6.Nc3 Nc6 7.O-O e5 8.d5 Ne7
9.Ne1 Nd7 10.Nd3 f5 11.Be3 Nf6 12.h3 Nh5 13.Qd2 Bd7 14.c5 Rf7 15.cxd6 cxd6
16.Bh6 Qf8 17.Bxg7 Qxg7 18.a4 a6 19.Ra3 Rc8 20.Rb3 Rc7 21.Qe3 Nc8 22.f4 e4
23.Nf2 Nf6 24.Kh2 b5 25.axb5 axb5 26.Nfd1 Rc4 27.Qg1 Rc5 28.Ne3 Nb6 29.Rd1 Rf8
30.Rb4 Ra8 31.g4 fxg4 32.Bxe4 Qh6 33.Bg2 Re8 34.Qf2 gxh3 35.Bf3 Nc4 36.Rxc4 bxc4
37.Rd4 Kf7 38.Nxc4 Qf8 39.Qh4 Kg7 40.Qg3 Rec8 41.Nb6 Rb8 42.Nxd7 Nxd7 43.Ne4 Rc2
44.b4 Rb2 45.Ng5 Qf6 46.Rc4 R2xb4 47.Qxh3 Nc5 48.Qxh7+ Kf8 49.Rxb4 Rxb4 50.e3 Qg7
51.Qh3 Rb8 52.Kg3 Re8 53.e4 Kg8 54.Qf1 Qc3 55.Kg4 Qg7 56.Kg3 Qc3 57.Kg4 Qg7
58.Qb1 Qd7+ 59.Kg3 Qb7 60.Qa1 Qg7 61.Qa5 Qf6 62.Qc7 Qe7 63.Qc6 Rf8 64.e5 dxe5
65.Qxg6+ Qg7 66.Qxg7+ Kxg7 67.fxe5 Rf5 68.Ne6+  1/2-1/2